The drag queen of Elfland and other stories /

Saved in:
Bibliografiske detaljer
Hovedforfatter: Schimel, Lawrence (Author)
Format: Bog
Sprog:engelsk
Udgivet: Cambridge : Circlet Press, [1997]
Tags: Tilføj Tag
Ingen Tags, Vær først til at tagge denne postø!

MARC

LEADER 00000nam a22000007i 4500
001 IT\ICCU\UBO\2286327
003 ItRI
005 20260115231837.0
008 030908s1997 xxu|||||| ||||| |||||c
020 |a 1885865171 
040 |b ita  |c importazione bologna sebina 
041 7 |a eng  |2 ISO-639-2 
100 1 |a Schimel, Lawrence  |0 IT\ICCU\UBOV\127667  |4 aut 
245 1 4 |a The drag queen of Elfland and other stories /  |c by Lawrence Schimel. 
260 |a Cambridge :  |b Circlet Press,  |c [1997] 
300 |a 175 p. ;  |c 19 cm. 
942 |2 ddc  |c BK  |n 0 
952 |0 0  |1 0  |4 0  |6 DOC_813_540000000000000_SCH  |7 0  |9 14049  |a BO  |b BO  |d 2026-01-15  |i 7605  |l 0  |o DOC 813.54 SCH  |p BO7605  |r 2026-01-15 23:18:37  |w 2026-01-15  |x [Sebina 5] [1 v.]  |y BK  |z 1 v. 
999 |c 12106  |d 12106